00508 2200181 4500001002100000005001500021035002000036245007000056100002400126260004400150300002500194020002200219084001400241082000800255650001000263008004100273990001200314INLIS00000000000270920251007090436 a0010-09250000561 asejarah Kota Jakarta : Tapak Jejak Batavia /cThomas B. Ataladjar aThomas B. Ataladjar aJakarta :bEsensi Erlangga Group,c2018 a93 ;c(14,5 x 21 cm) a978-602-6847-88-1 a900 THO s a900 4aFiksi251007 0  a0754911